| 000 | 00490nam a2200181 4500 | ||
|---|---|---|---|
| 001 | 126676 | ||
| 003 | ES-MaACL | ||
| 005 | 20230906192847.0 | ||
| 007 | t| | ||
| 008 | 070214s1960 sp r ||||1| spa d | ||
| 245 | 0 | 0 | _aResistencia de materiales. |
| 260 |
_aVitoria : _b[s. n.], _c1960 ( _fTall. Jesús Obrero) |
||
| 300 |
_a112 p. : _bil. ; _c21 cm. |
||
| 490 | 1 | _aJesús Obrero | |
| 830 | 0 |
_aJesús Obrero _9183662 |
|
| 852 |
_aES-MaACL _jC-20109 _bR.48005 |
||
| 999 |
_c126676 _d126676 |
||